| 000 | 00786cam a22002295a 4500 | ||
|---|---|---|---|
| 001 | 18151056 | ||
| 005 | 20151117123420.0 | ||
| 008 | 140514t2014 maua frb 001 0 eng d | ||
| 020 | _a9780124166752 | ||
| 040 |
_aDLC _beng _cDLC _dDLC _dEG-ScBUE |
||
| 082 | 0 | 4 |
_a004.6 _222 _bGOR |
| 100 | 1 |
_aGoransson, Paul, _938765 |
|
| 245 | 1 | 0 |
_aSoftware defined networks : _ba comprehensive approach / _cPaul Goransson, Chuck Black. |
| 260 |
_aWaltham : _bMorgan Kaufmann / Elsevier, _cc.2014. |
||
| 300 |
_axxv, 325 p. : _bill. ; _c24 cm. |
||
| 500 | _aIndex : p. 315-325. | ||
| 504 | _aIncludes bibliographical references. | ||
| 650 | 0 |
_aSoftware-defined networking (Computer network technology) _2BUEsh |
|
| 653 |
_bCOMSCI _cAugust2015 _cNovember2015 |
||
| 700 | 1 | _aBlack, Chuck. | |
| 942 | _2ddc | ||
| 999 |
_c20555 _d20527 |
||